000 00323nam a2200145Ia 4500
003 IN-BaIIA
008 211028s9999 xx 000 0 eng d
040 _cIIA Library
080 _a523.45
_bLOH
100 _aLohse
_91339
245 0 _aJupiter
_cLohse
300 _a51-117p.
650 _aJupiter
_91340
942 _cBK
999 _c612
_d612